000 00742 a2200193 4500
999 _c5003
_d5003
020 _a9780349116754
050 1 0 _aPR 6063 SMI 1998
100 1 _aSmith, McCall Alexander,
_eauthor
245 1 4 _aThe No. 1 Ladies' Detective Agency /
_cAlexander McCall Smith
264 _aGreat Britain:
_bPolygon,
_c1998
300 _a235 p. ;
500 _aNo index
650 0 _aWomen private investigators
650 0 _aNo. 1 Ladies' Detective Agency (Imaginary organization)
651 0 _aBotswana
856 4 2 _3Contributor biographical information
_uhttp://www.loc.gov/catdir/enhancements/fy0624/2005047587-b.html
856 4 2 _3Publisher description
_uhttp://www.loc.gov/catdir/enhancements/fy0624/2005047587-d.html
942 _2lcc
_cBK
_h6063
_iSMI
_kPR